000
00231nam a2200097Ia 4500
001
709309
005
20250826162544.0
008
250824s9999 xx 000 0 und d
245
0
_a
NİMİN ADASI
_c
WENDY ORR
260
_b
TUDEM YAYINLARI
999
_c
709309
_d
709309